In the dock: vague clauses and reluctant adjudicators (Record no. 74145)
[ view plain ]
| 000 -LEADER | |
|---|---|
| fixed length control field | 02002cab a2200229 4500 |
| 001 - CONTROL NUMBER | |
| control field | ABS67428 |
| 008 - FIXED-LENGTH DATA ELEMENTS--GENERAL INFORMATION | |
| fixed length control field | 040206n2003 000 0 eng u |
| 035 ## - SYSTEM CONTROL NUMBER | |
| System control number | (Sirsi) u125085 |
| 100 ## - MAIN ENTRY--PERSONAL NAME | |
| Personal name | Cottam, G. |
| 245 ## - TITLE STATEMENT | |
| Title | In the dock: vague clauses and reluctant adjudicators |
| 260 ## - PUBLICATION, DISTRIBUTION, ETC. | |
| Date of publication, distribution, etc. | 2003 |
| 490 ## - SERIES STATEMENT | |
| Series statement | Construction News |
| Volume/sequential designation | (6843) 20 November 2003, 16(1) |
| 520 ## - SUMMARY, ETC. | |
| Summary, etc. | In "Thomas-Fredric's (Construction) Ltd v Keith Wilson" ([2003] EWCA Civ 1494, [2004] BLR 23-30(8) the case centred on whether or not the contract was evidenced in writing, as required by the Housing Grants, Construction and Regeneration Act 1996. A contract had been entered into with Thomas-Fredric (T-F) for the construction of two dwellings on land at the rear of Keith Wilson's home (K). The agreement was terminated and a second agreement entered into for completion of the work. The second gave rise to a dispute. It was made orally and was evidenced by a letter from the developer's surveyor to T-F, which stated that further payments would be made on condition that the value of the work is carried out diligently and that the value of the works is considered correct to that amount. K countersigned this, on behalf of Gowersand Ltd. Later dispute hinged on this, as it highlighted lack of clarity in correspondence. Article also examines issue of time limit for decisions, as highlighted in "St Andrews Bay Development Ltd v H B G Management Ltd" ([2003] CILL 2016, Abs66798). |
| 590 ## - LOCAL NOTE (RLIN) | |
| Local note | ABS |
| 650 ## - SUBJECT ADDED ENTRY--TOPICAL TERM | |
| Topical term or geographic name entry element | HOUSING GRANTS, CONSTRUCTION AND REGENERATION ACT 1996 |
| 650 ## - SUBJECT ADDED ENTRY--TOPICAL TERM | |
| Topical term or geographic name entry element | THOMAS-FREDRIC'S (CONSTRUCTION) LTD V WILSON |
| 650 ## - SUBJECT ADDED ENTRY--TOPICAL TERM | |
| Topical term or geographic name entry element | ST ANDREWS BAY DEVELOPMENT LTD V H B G MANAGEMENT LTD |
| 650 ## - SUBJECT ADDED ENTRY--TOPICAL TERM | |
| Topical term or geographic name entry element | MANAGEMENT-DISPUTE AVOIDANCE, MANAGEMENT AND RESOLUTION-DISPUTE MANAGEMENT AND RESOLUTION-ALTERNATIVE DISPUTE RESOLUTION-ADJUDICATION |
| 650 ## - SUBJECT ADDED ENTRY--TOPICAL TERM | |
| Topical term or geographic name entry element | BUILT ENVIRONMENT-BUILDING CONTRACT FORMS |
| 690 ## - LOCAL SUBJECT ADDED ENTRY--TOPICAL TERM (OCLC, RLIN) | |
| Topical term or geographic name as entry element | MANGEMENT-DISPUTE AVOIDANCE, MANAGEMENT AND RESOLUTION-DISPUTE MANAGEMENT AND RESOLUTION |
| 942 ## - ADDED ENTRY ELEMENTS (KOHA) | |
| Suppress in OPAC | 0 |
| Withdrawn status | Lost status | Source of classification or shelving scheme | Damaged status | Not for loan | Home library | Current library | Shelving location | Date acquired | Total Checkouts | Full call number | Barcode | Date last seen | Copy number | Price effective from | Koha item type |
|---|---|---|---|---|---|---|---|---|---|---|---|---|---|---|---|
| Dewey Decimal Classification | London | London | Journal article | 06/02/2004 | ABS67428 | 125085-1001 | 06/08/2019 | 1 | 06/08/2019 | Journal article |